| 000 | 00951nam a22003017a 4500 | ||
|---|---|---|---|
| 003 | CHAP | ||
| 005 | 20220329140146.0 | ||
| 008 | 971013s1980 r 00010 d | ||
| 010 | _a47846 | ||
| 011 | _a48818 | ||
| 035 | _a52965 | ||
| 040 | _cCHAP | ||
| 082 |
_a635.21 _bT6 |
||
| 100 | 0 | 0 |
_aTocagni, Héctor. _9113504 |
| 245 | _aProducción de papas | ||
| 260 |
_aBuenos Aires : _bAlbatros, _c1980 |
||
| 300 |
_a171 p. _b: ilus. |
||
| 590 |
_aBATCH-UPD _b10 _c20130110 _lUCH01 _h1058 |
||
| 590 |
_aBATCH-UPD _b10 _c20130410 _lUCH01 _h0652 |
||
| 590 |
_aBATCH-UPD _b10 _c20130914 _lUCH01 _h1857 |
||
| 590 |
_aCONVERSION _b10 _c20130109 _lUCH01 _h1326 |
||
| 650 | 1 | 4 |
_aPapa. _985165 |
| 901 | _aBK | ||
| 942 | _cLIBRO | ||
| 949 |
_a635.21 T6 _bBC _cLIBRO _d33724000263406 _eLIBRO _h53762 _i52965 _si |
||
| 949 |
_a635.21 T6 _bBC _cLIBRO _d33724000658159 _eLIBRO _fc.3 _h53764 _i52965 _si |
||
| 949 |
_a635.21 T6 _bBC _cLIBRO _d33724000884433 _eLIBRO _fc.2 _h53763 _i52965 _si |
||
| 999 |
_c47846 _d47846 |
||